US President per Decade Quiz Stats

Quiz Updated Sep 20, 2012

Challenge
Share
Tweet
Embed
Score 0/22 Timer 02:00
2 Plays Today
Decade US President % Correct
????
100%
????
98.2%
????
98.1%
????
88.5%
????
81.4%
????
76.1%
????
71.6%
????
68.3%
????
65.5%
????
64.3%
????
62.8%
Decade US President % Correct
????
61.7%
????
57.7%
????
56.3%
????
54.4%
????
51.9%
????
47.2%
????
42.3%
????
39.6%
????
37.6%
????
34.5%
????
31.6%

You're not logged in!

Compare scores with friends on all Sporcle quizzes.
Join for Free
OR
Log In

You Might Also Like...

Show Comments

Extras

Top Quizzes Today


Score Distribution

Your Account Isn't Verified!

In order to create a playlist on Sporcle, you need to verify the email address you used during registration. Go to your Sporcle Settings to finish the process.

Report this User

Report this user for behavior that violates our Community Guidelines.

Details: